| 000 | 00313 a2200133 4500 | ||
|---|---|---|---|
| 001 | 76645 | ||
| 082 | _a428.2407 PIE | ||
| 090 |
_c39165 _d39165 |
||
| 100 | _aPierce Douglas | ||
| 245 | _aCracking the TOEFL iBT with CD | ||
| 260 |
_aNew York _bRandom House _c2007 |
||
| 300 | _aviii, 536 p. | ||
| 740 | _aIBT | ||
| 942 |
_aNUST-CAE _k428.2407 PIE |
||
| 999 |
_c311718 _d311718 |
||